|
|
|
|
| LEADER |
00000cac a2200000 a 4500 |
| 001 |
65026 |
| 003 |
Ucuenca |
| 005 |
20230308210651.0 |
| 008 |
992121|1973 xxu|||||r|||||||||||eng|| |
| 040 |
|
|
|b spa
|
| 041 |
0 |
|
|a es
|
| 082 |
|
0 |
|a 813.36
|
| 100 |
1 |
|
|a Melville, Herman
|d 1819-1891
|9 219744
|
| 245 |
|
|
|a Moby Dick
|c Herman Melville, simplified and adapted by Robert J. Dixson
|h imp
|n no. 2
|
| 264 |
|
|
|a New York
|b Regents Publishing Company, Inc
|c 1973
|
| 300 |
|
|
|a 115 páginas:
|c 21 cm
|b ilu
|
| 490 |
|
|
|a American Classics
|n no. 2
|
| 650 |
1 |
|
|a Literatura norteamericana
|9 1591
|
| 650 |
1 |
|
|a Narrativa
|9 446
|
| 700 |
|
|
|9 22607
|a Dixson, Robert J.
|e Adaptación
|
| 852 |
|
|
|a UC-CDJBV
|f Donación
|k npena
|l 1
|m General
|p 19921218
|r 8
|t 65026
|b 0
|d CDRC
|e CDRC
|g 813 TERCER PISO
|z 1992-21-21
|
| 942 |
|
|
|c CR
|2 ddc
|z paola.amaya@ucuenca.edu.ec
|0 1
|
| 999 |
|
|
|c 116025
|d 116025
|